000 00622nam a2200241Ia 4500
003 OSt
005 20221007064959.0
006 a|||||r|||| 00| 0
007 ta
008 221006b |||||||| |||| 00| 0 eng d
024 _a22,458
037 _cTextual
040 _aFLL
_cFLL
_beng
041 _2eng
_aeng
082 _aY5927, P6
100 _aShah Ghanshyam
245 0 _aUntouchability in rural India
250 _a1st
260 _aDelhi
_bSage Publication India Pvt. Ltd. India
_c2006
300 _a216p
_ccm.
942 _hY5927, P6
_cTEXL
_2CC
999 _c1135942
_d1135942